000 00588cam a22001935a 4500
001 L150021
008 100524e2010 xxk 000 0 eng d
035 _a(Sirsi) u150021
041 0 _aeng
100 1 _aMcMeeken, Roxane
245 0 0 _aIn China the contract is an almost useless piece of paper
260 _c2010
490 _aBuilding
_v275 (8630) 21 May 2010, 42-45(4)
520 _aHow to do business in the world's largest infrastructure market; opportunities in China and how to win them.
590 _aKA
651 4 _aChina
690 _aINFRASTRUCTURE
_96246
942 _n0
999 _c82359
_d82359